01059nam a2200277Ma 4500001001300000005001700013008004100030020001800071020001500089035002100104040004400125041000800169100002400177245015300201260004600354300003600400490004500436504005300481546002000534650005400554650002800608650002700636650003500663650005600698700002700754ocn87881208120180208080239.0160208s2012 xxu frd 001 0 eng d a9781461432401 a1461432405 a(OCoLC)878812081 aCo-BoUCMbspacSaul NiñodSaul Niño0 aeng1 aTremblay, Victor J.10aNew perspectives on industrial organizationbwith contributions from behavioral economics and game theorycVictor J. Tremblay, Carol Horton Tremblay aNew York (Estados Unidos)bSpringerc2012 axxvi, 811 páginasbGráficas0 aSpringer texts in business and economics aIncluye referencias bibliográficas e índices aTexto en ingles07aOrganización industrial (Teoría económica) 07aPolítica económica 07aCiencias económicas 07aComportamiento organizacional 07aAdministración industrial xAspectos económicos1 aTremblay, Carol Horton